Philosophy in social work (Record no. 29196)

MARC details
000 -LEADER
fixed length control field 00311nam a2200121Ia 4500
082 ## - DEWEY DECIMAL CLASSIFICATION NUMBER
Classification number 036.08
Item number TIM
245 #0 - TITLE STATEMENT
Title Philosophy in social work
260 ## - PUBLICATION, DISTRIBUTION, ETC. (IMPRINT)
Place of publication London
Name of publisher Routledge and Kegan Paul
Year of publication 1978
700 ## - ADDED ENTRY--PERSONAL NAME
Personal name Timms, Noel
700 ## - ADDED ENTRY--PERSONAL NAME
Personal name Watson, David
942 ## - ADDED ENTRY ELEMENTS (KOHA)
Koha item type Books
Holdings
Withdrawn status Lost status Damaged status Not for loan Home library Current library Date acquired Cost, normal purchase price Full call number Accession Number Koha item type
        RRII Library RRII Library 16/12/2021 2.95 036.08 TIM 09786 Books